| 000 -ლიდერი |
| ფიქსირებული სიგრძის საკონტროლო ველი |
01387nam a2200289Ia 4500 |
| 001 - საკონტროლო ნომერი |
| საკონტროლო ველი |
18313 |
| 003 - საკონტროლო ნომრის იდენტიფიკატორი |
| საკონტროლო ველი |
GE_BSU |
| 005 - ბოლო ოპერაციის თარიღი და დრო |
| საკონტროლო ველი |
20221130120854.0 |
| 008 - ფიქსირებული სიგრძის მონაცემთა ელემენტები - ზოგადი ინფორმაცია |
| ფიქსირებული სიგრძის საკონტროლო ველი |
181216s2015||||ge |||||||||||||| ||geo|| |
| 020 ## - წიგნის საერთაშორისო სტანდარტული ნომერი |
| International Standard Book Number |
9789941073700x |
| 040 ## - კატალოგიზაციის წყარო |
| Transcribing agency |
GE_BSU |
| 041 ## - ენის კოდი |
| Language code of text/sound track or separate title |
geo |
| 080 ## - უნივერსალური ათობითი კლასიფიკაციის ინდექსი |
| Universal Decimal Classification number |
159.964.2 ფ-95 |
| 100 ## - მთავარი ჩანაწერი - პიროვნების სახელი |
| Personal name |
ფროიდი, ზიგმუნდ |
| 9 (RLIN) |
11892 |
| 245 ## - ცნობა სათაურის შესახებ |
| Title |
ყოველდღიური ცხოვრების ფსიქოპათოლოგია / |
| Statement of responsibility, etc |
ზიგმუნდ ფროიდი ; მთარგმნ.: ნინა და მარინა თურმანიძეები ; რედ. თამაზ თურმანიძე. |
| 264 ## - წარმოების, გამოცემის, დისტრიბუციის და სხვა ცნობები |
| გამოცემის, წარმოების, დისტრიბუციის... ადგილი |
თბილისი : |
| გამოცემის, წარმოების, დისტრიბუციის... სახელწოდება |
პეგა, |
| გამოცემის, წარმოების, დისტრიბუციის... თარიღი |
. |
| 300 ## - ფიზიკური აღწერა |
| Extent |
188 გვ.; |
| Other physical details |
20 სმ. |
| 500 ## - ზოგადი შენიშვნა |
| General note |
ავტორის განმარტებები: გვ. 175-187. |
| 653 ## - INDEX TERM--UNCONTROLLED |
| Uncontrolled term |
ფსიქოლოგია |
| 653 ## - INDEX TERM--UNCONTROLLED |
| Uncontrolled term |
ფსიქოანალიზი |
| 653 ## - INDEX TERM--UNCONTROLLED |
| Uncontrolled term |
ფსიქოანალიზი |
| 700 ## - ADDED ENTRY--PERSONAL NAME |
| Personal name |
თურმანიძე, ნ. (ნინა) |
| Relator term |
მთარგმნელი |
| 9 (RLIN) |
16194 |
| 700 ## - ADDED ENTRY--PERSONAL NAME |
| Personal name |
თურმანიძე, მ. (მარინა) |
| Relator term |
მთარგმნელი |
| 9 (RLIN) |
16214 |
| 700 ## - ADDED ENTRY--PERSONAL NAME |
| Personal name |
თურმანიძე, თ. (თამაზ) |
| Relator term |
რედაქტორი |
| 9 (RLIN) |
16196 |
| 942 ## - ADDED ENTRY ELEMENTS (KOHA) |
| Koha item type |
წიგნი |
| Source of classification or shelving scheme |
|